Startupok és a finanszírozási modellek vizsgálata

Bibliographic Details
Main Author: Szabó Cintia
Other Authors: Németh Dr. János Pál
Format: Thesis
Kulcsszavak:Startup
közösségi finanszírozás
Crowdfunding
Online Access:http://dolgozattar.uni-bge.hu/9165

MARC

LEADER 00000nta a2200000 i 4500
001 dolg9165
005 20190521095052.0
008 161216suuuu hu om 000 hun d
040 |a BGE Dolgozattár Repozitórium  |b hun 
041 |a hu 
100 1 |a Szabó Cintia 
245 1 0 |a Startupok és a finanszírozási modellek vizsgálata  |c Szabó Cintia  |h [elektronikus dokumentum] 
246 1 1 |a Startupok és a finanszírozási modellek vizsgálata 
695 |a Startup 
695 |a közösségi finanszírozás 
695 |a Crowdfunding 
700 1 |a Németh Dr. János Pál  |e ths 
856 4 0 |u http://dolgozattar.uni-bge.hu/9165/1/Startupok%20%C3%A9s%20a%20finansz%C3%ADroz%C3%A1si%20modellek%20vizsg%C3%A1lata.pdf  |z Dokumentum-elérés